| 000 | 00676cam a22002413a 4500 | ||
|---|---|---|---|
| 001 | 6648 | ||
| 003 | PGUSA | ||
| 005 | 20140828083135.0 | ||
| 008 | 041001s2004||||xxu|||||s|||||000 | eng d | ||
| 040 |
_aPGUSA _beng |
||
| 042 | _adc | ||
| 050 | 4 | _aPT | |
| 100 | 1 |
_aKleist, Heinrich von, _d1777-1811 |
|
| 245 | 1 | 0 |
_aPenthesilea _h[electronic resource] / _cHeinrich von Kleist |
| 260 |
_bProject Gutenberg, _c2004 |
||
| 506 | _aPublic domain in the USA. | ||
| 516 | _aElectronic text | ||
| 653 | _aKings and rulers -- Drama | ||
| 653 | _aAmazons (Mythology) -- Drama | ||
| 830 | 0 |
_aProject Gutenberg _v6648 |
|
| 856 | 4 | 0 | _uhttp://www.gutenberg.org/ebooks/6648 |
| 942 | _cEB | ||
| 999 |
_c235968 _d235968 |
||